000 00958nam a2200277 i 4500
001 69876
003 Mx-PuUPA
005 20220818084127.0
008 220801s2015 mau |||gr|||| 00| 0 eng d
020 _a9780745664248
040 _aMx-PuUPA
_bspa
_cMx-PuUPA
_dMx-PuUPA
_erda
041 0 _aeng
100 1 _aLawson, Stephanie,
_eautor
_913045
245 1 0 _aTheories of international relations :
_bcontending approaches to world politics /
_cStephanie Lawson
264 1 _aMalden, MA :
_bPolity Press,
_c2015
300 _axi, 291 páginas ;
_c24 cm
336 _2rdacontent
_atexto
_btxt
337 _2rdamedia
_asin medio
_bn
338 _2rdacarrier
_avolumen
_bnc
650 7 _2armarc
_aRelaciones internacionales
650 7 _2armarc
_aPolítica mundial
942 _2ddc
_cLI
_h327.101
_iL415
999 _c69876
_d69876